En Perspectiva
Descripción Física:
1 volum il·lustracions, periodicitat anual ; 30 cm
Idioma:
Catalán
MARC
| LEADER | 00000nas a2200000 a 4500 | ||
|---|---|---|---|
| 001 | 28039 | ||
| 003 | Arxiu | ||
| 005 | 20260324180026.0 | ||
| 008 | 160829d2005 spcarxp cat c | ||
| 040 | |a AGDB | ||
| 080 | |a Revistes | ||
| 245 | 0 | 0 | |a En Perspectiva |
| 246 | 3 | 3 | |a Quaderns de l'Infolocal |
| 260 | |a Barcelona : |b Xarxa Audiovisual Local, |c 2005- | ||
| 300 | |a 1 volum |b il·lustracions, periodicitat anual ; |c 30 cm | ||
| 310 | |a Anual | ||
| 362 | |a 01 (nov. 2005)- | ||
| 500 | |a Avant-títol: Els Quaderns de l'Infolocal | ||
| 505 | |a Conté: v. 3: Les sinergies de grup en els mitjans de comunicació de proximitat | ||
| 505 | |a Volums monogràfics | ||
| 590 | |a Periodicitat desconeguda. | ||
| 590 | |a Descripció basada en: Núm. 3 (nov. 2007). | ||
| 610 | 2 | 0 | |a Xarxa Audiovisual Local |v Revistes |9 55521 |
| 650 | |a Televisió local |x Catalunya |x Revistes |9 44205 | ||
| 655 | 0 | |9 55823 |a Revistes | |
| 710 | 2 | |a Xarxa Audiovisual Local |9 54066 | |
| 752 | |a Catalunya |b Barcelona (Catalunya : Província) |c Barcelonès |d Barcelona | ||
| 866 | |a 2007 (03) | ||
| 901 | |a Arxiu | ||
| 942 | |n 1 |2 udc |c REV | ||
| 952 | |0 0 |1 0 |4 0 |7 1 |9 51844 |a Arxiu |b Arxiu |d 2023-06-13 |h Núm. 3 (2007) |o Rev-2181 |p 28039 |r 2016-12-01 00:00:00 |w 2016-12-01 |y ARXIU | ||
| 999 | |c 55690 |d 55690 | ||